| 000 | 00847nam a2200253Ia 4500 | ||
|---|---|---|---|
| 008 | 130821s1970 sp gr spa | ||
| 040 |
_aCo-BoUCM _bspa |
||
| 041 | 0 | 0 | _aspa |
| 100 | 1 |
_aDickens, Charles _d1812-1870 |
|
| 245 | 1 | 0 |
_aCuento de navidad _cCharles Dickens ; traducción de J. Millás Raurrell. |
| 260 |
_aMadrid (España) _bSalvat Editores _c1970 |
||
| 300 | _a187 páginas | ||
| 490 | 0 |
_aBiblioteca Básica Salvat _v43 |
|
| 500 | _aEl ejemplar No.3 es Donación UCM-C-ARRAYANES. | ||
| 500 | _aIncluye índice. | ||
| 501 | _aCon: El grillo del hogar. | ||
| 650 | 0 | 4 |
_aLiteratura europea _926524 |
| 650 | 0 | 4 |
_aLiteratura inglesa _9272 |
| 650 | 0 | 4 |
_aLiteratura _918599 |
| 650 | 0 | 4 |
_aNovela inglesa _920530 |
| 700 | 1 | _aMillás Raurrell, J. | |
| 942 |
_cLIBRO _a18 _e1 _mD548c _2DEWEY _h823 _n0 |
||
| 999 |
_c32014 _d32014 |
||